000
00282nam a2200109Ia 4500
008
190913s9999||||xx |||||||||||||| ||und||
100
_a
Roger L. Tokheim
245
0
_a
Digital Electronics Principles and Applications
260
_a
USA
_b
McGraw Hill
_c
1988
300
_a
395
942
_c
BK
999
_c
8013
_d
8013